Biblioteca y Centro de Documentación

Del salario mínimo al IPREM (Registro nro. 35002)

Detalles MARC
000 -CABECERA
Longitud fija campo de control 01010naa a2200289 c 4500
001 - NÚMERO DE CONTROL
Número de control 35002
003 - IDENTIFICADOR DE NÚMERO DE CONTROL
Identificador del número de control ES-MaCES
005 - FECHA Y HORA DE LA ÚLTIMA TRANSACCIÓN
Fecha y hora de la última transacción 20050531091200.0
008 - CAMPO FIJO DE DESCRIPCIÓN FIJA--INFORMACIÓN GENERAL
Códigos de información de longitud fija   050531n2004 sp t 000 | spa d
035 ## - NÚMERO DE CONTROL DEL SISTEMA
Número de control del sistema CES20050004835v
040 ## - FUENTE DE CATALOGACIÓN
Centro catalogador de origen ES-MaCES
Lengua de catalogación spa
Centro transcriptor ES-MaCES
100 1# - ENCABEZAMIENTO PRINCIPAL--NOMBRE PERSONAL
Nombre de persona García Murcia, Joaquín
9 (RLIN) 12994
245 14 - MENCIÓN DE TÍTULO
Título Del salario mínimo al IPREM
Resto del título : el nuevo indicador para las prestaciones y ayudas sociales
Mención de responsabilidad, etc. Joaquín García Murcia
500 ## - NOTA GENERAL
Nota general Sumario
650 #4 - ASIENTO SECUNDARIO DE MATERIA--TÉRMINO DE MATERIA
Término de materia o nombre geográfico como elemento inicial España
9 (RLIN) 26964
650 #4 - ASIENTO SECUNDARIO DE MATERIA--TÉRMINO DE MATERIA
Término de materia o nombre geográfico como elemento inicial jurisprudencia
9 (RLIN) 28624
650 #4 - ASIENTO SECUNDARIO DE MATERIA--TÉRMINO DE MATERIA
Término de materia o nombre geográfico como elemento inicial seguridad social
9 (RLIN) 27034
650 #4 - ASIENTO SECUNDARIO DE MATERIA--TÉRMINO DE MATERIA
Término de materia o nombre geográfico como elemento inicial indicador social
9 (RLIN) 27259
650 #4 - ASIENTO SECUNDARIO DE MATERIA--TÉRMINO DE MATERIA
Término de materia o nombre geográfico como elemento inicial gastos sociales
9 (RLIN) 30633
650 #4 - ASIENTO SECUNDARIO DE MATERIA--TÉRMINO DE MATERIA
Término de materia o nombre geográfico como elemento inicial gestión de las prestaciones
9 (RLIN) 30736
650 #4 - ASIENTO SECUNDARIO DE MATERIA--TÉRMINO DE MATERIA
Término de materia o nombre geográfico como elemento inicial salario mínimo
9 (RLIN) 28382
653 10 - TÉRMINO DE INDEXACIÓN--NO CONTROLADO
Término no controlado Asuntos Sociales
773 0# - ENTRADA DE DOCUMENTO FUENTE
Título Relaciones laborales
Parte(s) relacionada(s) año 20, n. 20 (22 oct. 2004){10194 R. 058524}; p. 13-31
Número de control del registro relacionado (ES-MaCES)25210
Itemnumber del ítem fuente 42971
902 ## - CES. TIPO DE DOCUMENTO
Tipodoc (006$c Sirtex) ART Artículo de revista
942 ## - ELEMENTOS KOHA
Fuente de clasificaión o esquema Clasificación propia del CES
Koha [por defecto] tipo de item Artículos (1982-2017)
Parte de clasificación 3.3.

No hay ítems disponibles.

© CES, Consejo Económico y Social de España 2021